000
00312nam a2200145Ia 4500
100
_a
Riordan/Rebecca M
650
_a
ADO.NET
942
_c
BK
245
_a
Microsoft ADO.NET step by step
260
_b
Microsoft
_c
2002
082
_a
5.75
_b
RIO
300
_a
512
546
_a
ENGLISH
_c
PAMPHALETS
999
_c
23287
_d
23287